Teatro

Uloženo v:
Podrobná bibliografie
Hlavní autor: Marcel, Gabriel (autor)
Médium: Kniha
Jazyk:španělština
Vydáno: Buenos Aires Losada 1953
Vydání:1a. ed
Edice:Gran Teatro del Mundo
Témata:
Tagy: Přidat tag
Žádné tagy, Buďte první, kdo vytvoří štítek k tomuto záznamu!

MARC

LEADER 00000cam a2200000 a 4500
001 UCQ4937
003 CL-VaPUC
008 980910e19530000AG |||||||||||||||||spa|d
082 0 4 |a 842  |b MAR  |2 21 
100 |a Marcel, Gabriel  |e autor  |9 334886 
245 1 0 |a Teatro 
246 1 0 |a Roma ya no está en Roma 
246 1 3 |a Un hombre de Dios 
246 1 3 |a El emisario 
250 |a 1a. ed 
300 |a 216 p 
942 |c BK 
945 |d 19980910 00:00:00  |a crobeson 
260 |a Buenos Aires  |b Losada  |c 1953 
650 7 |a DRAMAS FRANCESES  |2 CL-VaPUC  |9 267189 
650 0 |a Literatura francesa  |9 266330 
583 |a last modification  |c 20140725 10:52:37  |k Rodrigo Vera 
490 0 |a Gran Teatro del Mundo 
999 |c 275235  |d 275233 
952 |0 0  |1 0  |4 0  |6 842_000000000000000_MAR_1953  |7 0  |8 A  |9 311819  |a BIBEDU  |b BIBEDU  |d 2019-11-20  |i 1468286  |o 842 MAR 1953  |p 1468286  |r 2019-11-20  |w 2019-11-20  |y BK  |k LIT 
952 |0 0  |1 0  |3 erd  |4 0  |6 842_000000000000000_MAR_1953  |7 0  |8 A  |9 311820  |a BIBART  |b BIBART  |i 5049601  |o 842 MAR 1953  |p 5049601  |r 2025-03-13  |w 2019-11-20  |y BK  |z Catalogado en:20140731  |k ART